书目信息 |
| 题名: |
可爱的手编小饰物
|
|
| 作者: | 潘云霞 , 边胜楠 编 | |
| 分册: | ||
| 出版信息: | 北京 中国纺织出版社 2004 |
|
| 页数: | 158页 | |
| 开本: | 26cm | |
| 丛书名: | 手工彩线编织系列 | |
| 单 册: | ||
| 中图分类: | TS935.5 | |
| 科图分类: | ||
| 主题词: | 绒线--编织--图案 | |
| 电子资源: | ||
| ISBN: | 7-5064-3054-1 | |
| 000 | 00841oam2 2200253 45 | |
| 001 | 002735481 | |
| 005 | 20050112080246.8 | |
| 010 | @a7-5064-3054-1@dCNY22.80 | |
| 100 | @a20041013d2004 em y0chiy0110 ea | |
| 101 | 0 | @achi |
| 102 | @aCN@b110000 | |
| 105 | @aa z 000yy | |
| 200 | 1 | @a可爱的手编小饰物@Ake ai de shou bian xiao shi wu@f潘云霞,边胜楠编@FPan Yun Xia,Bian Sheng Nan Bian |
| 210 | @a北京@c中国纺织出版社@d2004 | |
| 215 | @a158页@c图@d26cm | |
| 225 | 2 | @a手工彩线编织系列 |
| 330 | @a本书汇集了498款最新流行的新颖、时尚编织小饰物,包括帽子、手机套、拖鞋等。每款均配有详细、直观的花样编织图及尺寸、针法图。 | |
| 410 | @12001 @a手工彩线编织系列 | |
| 606 | 0 | @a绒线@x编织@x图案 |
| 690 | @aTS935.5@v4 | |
| 701 | 0 | @a潘云霞@4编 |
| 701 | 0 | @a边胜楠@4编 |
| 801 | 0 | @aCN@bNLC@c20041109 |
| 905 | @b341989-991@dTS935.5@e24@f3 | |
| 可爱的手编小饰物/潘云霞,边胜楠编.-北京:中国纺织出版社,2004 |
| 158页:图;26cm.-(手工彩线编织系列) |
| ISBN 7-5064-3054-1:CNY22.80 |
| 本书汇集了498款最新流行的新颖、时尚编织小饰物,包括帽子、手机套、拖鞋等。每款均配有详细、直观的花样编织图及尺寸、针法图。 |
| ● |
| 相关链接 |
|
|
|
|
正题名:可爱的手编小饰物
索取号:TS935.5/24
 
预约/预借
| 序号 | 登录号 | 条形码 | 馆藏地/架位号 | 状态 | 备注 |
| 1 | 0341989 | 203419899 | 第二样本阅览室/ [索取号:TS935.5/24] | 在馆 | |
| 2 | 0341990 | 203419906 | 第三借阅区/ [索取号:TS935.5/24] | 在馆 | |
| 3 | 0341991 | 203419915 | 第三借阅区/ [索取号:TS935.5/24] | 在馆 |